1610 1045 1148 1721 1984 1614 1984 1114 1981 1428 1221 1013 1716 1237 1633 1660 1074 1500 1769 1488 1459 1941 1445 1151 1420 1123 1152 1825 1161 1530 1516 1038 1895 1813 1760 1414 1403 1660 1410 1273 1391 1471 1534 1412 1358 1490 1131 1463 1066 1689 1577 1043 1458 1827 1516 1699 1496 1451 1465 1725 1805 1697 1744 1962 1437 1636 1755 1993 1384 1081 1920 1807 1950 1446 1120 1238 1387 1862 1095 1941 1474 1546 1256 1442 1359 1540 1302 1695 1604 1666 1312 1649 1839 1830 1334 1466 1347 1036 1551 BCNSPRNW ULIB Ver.6.0+V

เปลี่ยนเป็นภาษาไทย

Change to English
 แสดงรายละเอียดบรรณานุกรม
  กลับหน้าหลัก

Brief Record : Get Marc (ISO 2709) : E-mail record : QR code < ปิดหน้าต่าง
LEADER : 00000nam 2200000uu 4500
001    13399115145
003     ULIB
008    120712s2552||||th 000 0 tha d
020    ^a9786115260164
060 04 ^aQV766^bส880ก 2552
100 0  ^aสุวิมล โต่นวุธ
245 00 ^aกินมะรุมลืมมะเร็ง/^cสุวิมล โต่นวุธ
250    ^aพิมพ์ครั้งที่ 1
260    ^aนนทบุรี:^bกรีน-ปัญญาณ,^c2552
300    ^a64 หน้า:^bภาพประกอบ
945    ^p0^l0^i16282
995    ^aกัณชพร
999    ^aใช้งานได้ทุกระบบ
รายการนี้ยังไม่มีแท็ก
คุณยังไม่ได้ล็อกอิน คุณสามารถมีกิจกรรมร่วมกับเว็บไซต์ได้ แต่ต้องล็อกอินก่อน ::
  ล็อกอิน

รายการสื่อสารสนเทศ

ลำดับที่ ประเภท เลขเรียก/บาร์โค้ด สถานที่ สถานะ
- ไม่พบข้อมูล -

รายการใกล้เคียง
    ผู้แต่ง [สุวิมล โต่นวุธ]

BibComment


ยังไม่เคยถูกคอมเมนท์

คอมเมนท์ทรัพยากรรายการนี้
  คอมเมนท์: กินมะรุมลืมมะเร็..


 Copyright 2026. Bcnsprnw @Library